000 00915nam a22002537i 4500
003 URS
005 20240528185640.0
008 200304|2019 ph ||||| |||| 00| 0 eng d
020 _a9786214091195
040 _beng
_erda
_cDLC
_aDLC
_dDLC
_dURS
082 _a361.7
_bD27 2019
100 _aGasilla-Dela Cruz, Sonia.
245 _aNational development via national service training program (RA 9163) common modules for CWTS,LTS and ROTC/
_cSonia Gasilla-Dela Cruz, Edeliza G. Dela Cruz, and Paul M. Mapue.
264 1 _aMandaluyong:
_bBooks Atbp. Publishing Corp,
_c[2019]
300 _aviii, 389 pages;
_c22 cm.
336 _atext
_btxt
_2rdacontent
337 _aunmediated
_bn
_2rdamedia
338 _avolume
_bnc
_2rdacarrier
504 _aIncludes bibliographical references (pages 385-389).
650 0 _aCivics,
_zPhilippines
700 _aDela Cruz, Edeliza G.
700 _aMapue, Paul M.
942 _2ddc
_cF
999 _c8773
_d8773